000 00450nam a2200157 a 4500
001 000027729
005 20240305133500.0
008 110404s1993 xxu 000 0 spa d
040 _aDO-SdBNP
_bspa
_cBNPHU
082 _axxxx
_bG984p
100 1 _aCampo GutiƩrrez, Santiago,
_d1956-
_942992
245 1 4 _aLos perros de la noche /
_cSantiago GutiƩrrez-Campo.
260 _aNueva York :
_bMambru,
_c1993.
300 _a110 p. ;
_c21 cm.
049 _aBNPD
999 _c27221
_d27221